A Song of Ice and Fire (Game of Thrones) Characters - Statistics

General Stats
  • This quiz has been taken 3,312 times
    3,227 since last reset
  • The average score is 55 of 74
Answer Stats
Hint Answer % Correct
Lannister Cersei
98%
Stark Eddard
98%
Snow Jon
98%
Arryn Jon
98%
Connington Jon
98%
Lannister Tyrion
98%
Lannister Tywin
98%
Stark Arya
97%
Baratheon Robert
97%
Stark Sansa
97%
Stark Bran
96%
Stark Robb
96%
Stark Catelyn
95%
Lannister Jaime
94%
Baratheon Joffrey
94%
Stark Rickon
94%
Baratheon Stannis
93%
Greyjoy Theon
92%
Baratheon Renly
90%
Targaryen Viserys
90%
Targaryen Daenerys
89%
Clegane Sandor
89%
Baratheon Tommen
89%
Mormont Jorah
88%
Arryn Lysa
88%
Drogo Khal
87%
Clegane Gregor
86%
Martell Oberyn
85%
Baelish Petyr
85%
Tarly Samwell
85%
Frey Walder
85%
Baratheon Myrcella
84%
Stark Benjen
83%
Tarth Brienne
83%
Seaworth Davos
83%
Tyrell Loras
80%
Bolton Roose
80%
Lannister Lancel
78%
Tully Edmure
77%
Selmy Barristan
76%
Lannister Kevan
75%
Rayder Mance
75%
Targaryen Rhaegar
75%
Tyrell Margaery
74%
Arryn Robin
74%
Greyjoy Balon
73%
Bolton Ramsay
73%
Targaryen Aerys
72%
Greyjoy Asha
72%
Reed Jojen
69%
Mormont Jeor
68%
Tyrell Olenna
67%
Stark Lyanna
65%
Greyjoy Euron
64%
Tyrell Mace
64%
Targaryen Aegon
63%
Tully Hoster
63%
Reed Meera
61%
H'ghar Jaqen
60%
Westerling Jeyne
60%
Poole Jeyne
60%
Tully Brynden
54%
Lannister Joanna
46%
Martell Arianne
44%
Halfhand Qhorin
44%
Martell Elia
43%
Mopatis Illyrio
40%
Oakheart Arys
39%
Hotah Areo
37%
Martell Quentyn
33%
Martell Trystane
33%
Frey Roslin
21%
Frey Merrett
8%
Greyjoy Victorian
8%
No matching quizzes found
Score Distribution
Percent of People with Each Score
Percentile by Number Answered
Your Score History
You have not taken this quiz since the last reset